000 00411 a2200169 4500
001 13198
020 _a9788506075869
040 _cAnchieta - Aquarius
100 _aCapucho, Augusto
240 1 0 _a=Uma história sobre bichos estranhos
_lpor
245 1 0 _a=Uma história sobre bichos estranhos
300 _a
362 0 _a2014
440 1 _aMelhoramentos
650 4 _aLiteratura brasileira
942 _cBK
999 _c13198
_d13198